Quick Pick: Edelweiss Lyrics Quiz Stats

Quiz Updated Jul 28, 2016

Challenge
Share
Tweet
Embed
Score 0/7 Timer 00:30
0 Plays Today
% Correct
Morning
91.3%
Bright
91.1%
Small
73.9%
Grow
64.4%
Blossom
62.7%
Homeland
61.1%
Meet
61%

Today's Daily Dose

You're not logged in!

Compare scores with friends on all Sporcle quizzes.
Sign Up with Email
OR
Log In

You Might Also Like...

Show Comments

Extras

Top Quizzes Today


Score Distribution

Your Account Isn't Verified!

In order to create a playlist on Sporcle, you need to verify the email address you used during registration. Go to your Sporcle Settings to finish the process.